Города Беларуси с населением свыше 20000 - Statistics

General Stats
  • This quiz has been taken 164 times
  • The average score is 20 of 39
Answer Stats
Население Город % Correct
1 992 862 Минск
100%
344 470 Брест
97%
501 102 Гомель
96%
361 115 Гродно
95%
353 110 Могилёв
93%
358 395 Витебск
91%
207 351 Бобруйск
79%
171 361 Барановичи
77%
124 295 Пинск
77%
79 579 Полоцк
76%
103 916 Лида
68%
95 717 Новополоцк
68%
102 759 Орша
62%
135 696 Борисов
61%
105 152 Мозырь
61%
89 068 Молодечно
59%
97 818 Солигорск
55%
63 744 Жодино
49%
65 213 Речица
43%
60 056 Слуцк
43%
76 844 Жлобин
41%
48 907 Слоним
36%
52 635 Кобрин
34%
27 936 Новогрудок
34%
62 602 Светлогорск
32%
35 422 Сморгонь
32%
31 821 Рогачёв
29%
29 796 Дзержинск
29%
41 510 Волковыск
28%
23 264 Кричев
28%
29 103 Осиповичи
26%
22 679 Смолевичи
26%
36 941 Калинковичи
25%
28 376 Берёза
24%
23 592 Лунинец
21%
20 096 Марьина Горка
21%
22 377 Ивацевичи
17%
26 625 Вилейка
15%
28 961 Горки
12%
No matching quizzes found
Score Distribution
Percent of People with Each Score
Percentile by Number Answered
Your Score History
You have not taken this quiz